Geography Quiz

Random Geography or Logic Quiz

US States Minesweeper IV Quiz Stats

 Plays Quiz Updated Apr 24, 2018

Score 0/41 Timer 05:00
95 Plays Today
% Correct
???
81%
???
72.7%
???
72.6%
???
72.4%
???
71.9%
???
71.6%
???
71.1%
???
69.2%
???
68.9%
???
68.6%
???
68.4%
???
66.1%
???
64.9%
???
64.9%
???
64.7%
???
63.5%
???
62.2%
???
62.1%
???
59.3%
???
56.7%
???
55.2%
% Correct
???
53.4%
???
53.3%
???
53%
???
52.9%
???
51.6%
???
51.1%
???
51.1%
???
50.8%
???
50.5%
???
49.8%
???
49.8%
???
49.1%
???
49.1%
???
49%
???
48.9%
???
48%
???
48%
???
44.6%
???
44.5%
???
43.9%

You're not logged in!

Compare scores with friends on all Sporcle quizzes.
OR
Log In

Sporcle TV

Today on Sporcle TV


Watch our educational content, quiz creation guides, and fun videos on Sporcle TV.

Show Comments

Extras

Top Quizzes Today


Score Distribution

Your Account Isn't Verified!

In order to create a playlist on Sporcle, you need to verify the email address you used during registration. Go to your Sporcle Settings to finish the process.

Report this User

Report this user for behavior that violates our Community Guidelines.

Details: